La justicia y el criterio interpretativo sobre exenciones y exclusiones en el impuesto a las ganancias (Registro nro. 15366)

Detalles MARC
000 -LEADER
fixed length control field 00378 a2200109 4500
001 - CONTROL NUMBER
control field ART_18687
005 - DATE AND TIME OF LATEST TRANSACTION
control field 20260410161703.0
008 - FIXED-LENGTH DATA ELEMENTS--GENERAL INFORMATION
fixed length control field 260409a
100 1# - MAIN ENTRY--PERSONAL NAME
Personal name Ferraro, Ricardo H.
245 10 - TITLE STATEMENT
Title La justicia y el criterio interpretativo sobre exenciones y exclusiones en el impuesto a las ganancias
773 0# - HOST ITEM ENTRY
Title Revista Impuestos
Related parts - Nº 12 (nov. 2010)
Record control number REV639

No hay ítems disponibles.